Loading...
| History - American History | 0 | 4 | 0 | 2 | 40 | 83 | 116.50 | 0 | 1 |
| History - World History | 0 | 2 | 0 | 1 | 20 | 121 | 128.50 | 0 | 0 |
| History - Other History | 0 | 1 | 0 | 0 | 10 | 112 | 112.00 | 0 | 1 |
| Science - Physics | 0 | 1 | 0 | 1 | 10 | 104 | 104.00 | 0 | 0 |
| Fine Arts - Painting & Sculpture | 0 | 1 | 0 | 0 | 10 | 134 | 134.00 | 0 | 0 |
| Mythology | 0 | 1 | 0 | 1 | 10 | 133 | 133.00 | 0 | 1 |
| Philosophy | 0 | 1 | 0 | 0 | 10 | 122 | 122.00 | 0 | 1 |
| Science - Chemistry | 0 | 1 | 0 | 1 | 10 | 121 | 121.00 | 0 | 0 |
| Literature - American Literature | 0 | 1 | 0 | 0 | 10 | 150 | 150.00 | 0 | 0 |
| Fine Arts - Other Fine Arts | 0 | 0 | 0 | 0 | 0 | 0.00 | 0 | 0 | |
| Literature - World Literature | 0 | 0 | 0 | 0 | 0 | 0.00 | 0 | 0 | |
| Fine Arts - Classical Music | 0 | 0 | 1 | 0 | -5 | 0.00 | 0 | 0 |